000 02507cam a2200385 4500
001 7906
008 050121s2005 iaua b 001 0 eng d
020 _a0073102024
020 _a9780073102023
082 4 _a306.7
100 _aEndicott, Kirk M.
_b
_c
_d
_eeditor
_q
245 0 0 _aTaking Sides.
_pClashing Views On Controversial Issues in Anthropology /
_cselected, edited, and with introductions by Kirk M. Endicott and Robert L. Welsch
246 3 0 _aClashing Views On Controversial Issues in Anthropology
250 _aThird edition
264 1 _aDubuque, IA :
_bMcGraw-Hill/Dushkin,
_c[2005]
300 _axxvi, 400 pages :
_billustrations ;
_c24 cm
336 _atext
_btxt
_2rdacontent
337 _aunmediated
_bn
_2rdamedia
338 _avolume
_bnc
_2rdacarrier
504 _aIncludes bibliographical references and index
505 0 _aIs race a useful concept for anthropologists? -- Are humans inherently violent? -- Did Neanderthals interbreed with modern humans? -- Did people first arrive in the new world after the last ice age? -- Was there a goddess cult in prehistoric Europe? -- Did prehistoric Native Americans practice cannibalism in the American Southwest? -- Can apes learn language? -- Does language determine how we think? -- Should cultural anthropology model itself on the natural sciences? -- Was Margaret Mead's fieldwork on Samoan adolescents fundamentally flawed? -- Do native peoples today invent their traditions? -- Is it natural for adopted children to want to find out about their birth parents? -- Are San hunter-gatherers basically pastoralists who have lost their herds? -- Do some illnesses exist only among members of a particular culture? -- Is ethnic conflict inevitable? -- Should the remains of prehistoric Native Americans be reburied rather than studied? -- Did Napoleon Chagnon's research methods and publications harm the Yanomami Indians? -- Do museums misrepresent ethnic communities around the world?
546 _aText in English
650 0 _aAnthropological ethics
650 0 _aAnthropology
650 6 _aAnthropologie
650 6 _aAnthropologie
_xAspect moral
650 6 _aAnthropologie physique
650 6 _aArch�ologie
650 6 _aEthnologie
650 1 7 _aControversen.
_2
650 1 7 _aCulturele antropologie.
_2
700 1 _aEndicott, Kirk M.,
_ecompiler,
_eeditor,
_ewriter of introduction
700 1 _aWelsch, Robert Louis,
_d1950-
_ecompiler,
_eeditor,
_ewriter of introduction
999 _c6793
_d6793